Countries with a Grand-Slam Title (Tennis) - Statistics

General Stats
  • This quiz has been taken 1,192 times
    1,181 since last reset
  • The average score is 20 of 27
Answer Stats
Number of Victories Country % Correct
29x Spain
99%
27x Switzerland
98%
137x USA
98%
8x Great Britain
97%
13x Serbia
97%
41x Australia
95%
12x Russia
95%
18x Germany
93%
25x Sweden
92%
7x Argentina
91%
6x France
89%
3x Italy
87%
3x Croatia
85%
3x Brazil
83%
4x Czech Republic
78%
1x Austria
75%
11x Belgium
74%
2x China
74%
3x Romania
69%
1x Netherlands
68%
2x Belarus
56%
9x Yugoslavia
52%
15x Czechoslovakia
51%
1x South Africa
49%
1x Latvia
45%
13x West Germany
31%
1x Ecuador
21%
No matching quizzes found
Score Distribution
Percent of People with Each Score
Percentile by Number Answered
Your Score History
You have not taken this quiz since the last reset